02750nam a2200469 a 4500001000700000003000500007005001700012007000300029008004100032020002200073040001700095041002500112082002500137100005000162245026200212250004400474264003700518300003500555336002700590337002700617338002800644490008100672500007400753504003300827505026400860520061001124650001201734650002301746650002101769650004001790650002801830700005001858700004101908700003601949700003701985700003802022700003802060700003502098700003402133700003202167830008102199Z_6127CHAP20250609094359.0ta220601s2010 mx a fr 001 0 spa d a978-607-17-0411-5 aZcCHAPerda0 bEspañolfEspañol a636.9 bC66 20102201 aCastellanos Echeverría, A. Fernán eautor00aConejos /cbasado en los trabajos de A. Fernán Castellanos Echeverría; colaborador F. R. Kirchner Salinas, C. R. Usami Olmos, N. Paulín Torres, E. López González, G. Solís Carbajal y R. Ávalos Mora; revisión Johan D. Berlijn y F. Orozco Luna aCuarta ediciónb(reimpresión 2014)  1aMéxico D. F. :bTrillas,c2010 a119 páginas :bilustraciones 2rdacontentatextobtxt 2rdamediaasin mediobn 2rdacarrieravolumenbnc1 aManuales para educación agropecuaria. Área producción animal (Trillas) aej.1 - ej.4: C/E \ ej.5: Reposición \ ej.6 - ej.7: S/N (sin sellos)0 aBibliografía: página 119 aPrólogo -- Advertencia -- 1. Introducción -- 2. El animal -- 3. Razas -- 4. Alojamientos y depósitos -- 5. Equipos -- 6. Alimentación -- 7. Reproducción -- 8. Manejo -- 9. Enfermedades y trastornos -- 10. Mejoramiento -- Direcciones electrónicas. aDebido a que la alimentación del conejo es a base de vegetales no aptos para el consumo humano, la explotación de este animal es muy recomendable en zonas donde escasean los cereales, también en terrenos inapropiados para la cría de otras especies. Este manual expone el proceso de cunicultura a los estudiantes y personas que deseen dedicarse en granjas o en casa a la cría y engorda de conejos par a venta de subproductos. Los métodos más adecuados para la reproducción, cría y manejo del conejo se explican en forma sencilla e ilustrada en este volumen del área producción animal.13aConejos13aAnimales de cría13aRazas de conejos13aConejosxAlimentos y alimentación13aAlojamiento de animales1 aCastellanos Echeverría, A. Fernán eautor1 aSalinas, Kirchner F. R.ecolaborador1 aOlmos, Usami C. R.ecolaborador1 aTorres, Paulín N.ecolaborador1 aLopez González, E.ecolaborador1 aSolís Carbajal, G.ecolaborador1 aÁvalos Mora, R.ecolaborador1 aBerlijn, Johan D.erevisión1 aOrozco Luna, F.erevisión aManuales para educación agropecuaria. Área producción animal (Trillas)